Roger of Sicily and the Normans in Lower Italy, 1016-1154 /

محفوظ في:

المؤلف الرئيسي: Curtis, Edmund, 1881-1943 (مؤلف)

التنسيق: كتاب

اللغة: English

منشور في: New York ; London : G. P. Putnam's Sons, 1912.

سلاسل: Heroes of the nations.

الموضوعات:

الوسوم: إضافة وسم

لا توجد وسوم, كن أول من يضع وسما على هذه التسجيلة!

رقم الطلب: DG867.2 .C8 1912

LEADER 00781nam a2200241Ia 4500
001 6340
003 OSt
005 20260121112334.0
008 130303s1912 nyuabf 000 0 eng d
010 |a 12024584 
040 |c ARCE Library 
050 4 |a DG867.2 .C8 1912 
100 1 |a Curtis, Edmund,  |d 1881-1943,  |e author 
245 1 0 |a Roger of Sicily and the Normans in Lower Italy, 1016-1154 /  |c by Edmund Curtis. 
264 1 |a New York ;  |a London :  |b G. P. Putnam's Sons,  |c 1912. 
300 |a xii, 483 pages, [30] leaves of plates :  |b illustrations, maps, plates ;  |c 20 cm. 
490 0 |a Heroes of the nations. 
600 0 0 |a Roger  |b II,  |c King of Sicily,  |d 1095-1154. 
650 0 |a Normans   |z Italy. 
651 0 |a Sicily (Italy)  |x History. 
901 |a reviewed 
942 |c BK  |2 lcc 
999 |c 8416  |d 8416